Normal view MARC view
  • Mott, Robert L.

Entry Personal Name

Number of records used in: 1

001 - CONTROL NUMBER

  • control field: 87181

003 - CONTROL NUMBER IDENTIFIER

  • control field: NUST

005 - DATE AND TIME OF LATEST TRANSACTION

  • control field: 20211230181456.0

008 - FIXED-LENGTH DATA ELEMENTS

  • fixed length control field: 211230|| aca||aabn | a|a d

040 ## - CATALOGING SOURCE

  • Original cataloging agency: NUST
  • Transcribing agency: NUST

100 ## - HEADING--PERSONAL NAME

  • Personal name: Mott, Robert L.

670 ## - SOURCE DATA FOUND

  • Source citation: Work cat.: (NUST)540452: Mott, Robert L., author., Applied Strength of Materials \
© 2023 Central Library, National University of Sciences and Technology. All Rights Reserved.